000 00384nam a2200157 i 4500
001 bg
100 1 _aDOBROWOLSKI, Kazimierz
245 0 _aGeotechnika w projektowaniu /
_cKazimierz Dobrowolski.
260 _aWarszawa,
_c1975.
650 9 _aGeologia inżynierska
040 _cBPK
041 _apol
080 _a624.1
942 _cKS
008 s pl f |000 0 pol
999 _c15756
_d15756
856 _uhttp://koha.tu.koszalin.pl/cgi-bin/koha/opac-detail.pl?biblionumber=15756
_yKatalog online BPK